000 00716nam a22002177a 4500
005 20091006113815.0
008 091006t xxu||||| |||| 00| 0 eng d
010 _aENG-95079
020 _a9789380017808
_c80.00
035 _aEN-78612
037 _bDBAD/PUB
040 _aDPL
_bENG
082 _a577
100 _aSuresh,R.
245 _aEnvironmental biology:
_cby R. Suresh
_b a brief study /
260 _aChennai
_bToday Publications
_c2008
270 _aToday Publications
_bChennai-5
300 _a106p.
_c19cm(Pbk)
942 _2ddc
_cEN
_mSUR
_h577
999 _c30808
_d30808